Viaje fácil a otros planetas
Tallennettuna:
| Päätekijät: | , |
|---|---|
| Aineistotyyppi: | Kirja |
| Kieli: | espanja |
| Julkaistu: |
Santiago
The Bhaktivedanta Book Trust International
1998
|
| Sarja: | Las Obras de Su Divina Gracia A.C. Bhaktivedanta Swami Prabhupada
|
| Aiheet: | |
| Tagit: |
Lisää tagi
Ei tageja, Lisää ensimmäinen tagi!
|
MARC
| LEADER | 00000nam a2200000 a 4500 | ||
|---|---|---|---|
| 001 | UCL5499 | ||
| 003 | CL-VaPUC | ||
| 008 | 040312e19980000CL |||||||||||||||||spa|d | ||
| 020 | |a 9879911881 | ||
| 082 | 0 | 4 | |a 294.5436 |b ACB |2 21 |
| 100 | |a A.C. Bhaktivedanta Swami Prabhupada, |d 1896-1977 |e autor |9 567919 | ||
| 700 | 0 | |a Srila Prabhupada |e author |9 483196 | |
| 245 | 1 | 0 | |a Viaje fácil a otros planetas |
| 300 | |a 63 p | ||
| 942 | |c BK | ||
| 945 | |d 20040312 00:00:00 |a cmena | ||
| 260 | |a Santiago |b The Bhaktivedanta Book Trust International |c 1998 | ||
| 650 | 0 | |a Filosofía hindú |9 431231 | |
| 650 | 7 | |a MITOLOGIA HINDU |2 CL-VaPUC |9 483197 | |
| 650 | 0 | |a Vida religiosa |9 257284 | |
| 650 | 0 | |a Yoga |9 312609 | |
| 650 | 7 | |a MEDITACION |2 CL-VaPUC |9 313094 | |
| 583 | |a last modification |c 20040312 00:00:00 |k Rodrigo Vera | ||
| 490 | 0 | |a Las Obras de Su Divina Gracia A.C. Bhaktivedanta Swami Prabhupada | |
| 999 | |c 308034 |d 308032 | ||
| 952 | |0 0 |1 0 |4 0 |6 294_543600000000000_ACB_1998 |7 0 |8 A |9 374247 |a BIBEDU |b BIBEDU |d 2019-11-21 |i 3905292 |o 294.5436 ACB 1998 |p 3905292 |r 2022-01-17 |w 2019-11-21 |y BK |k MUS | ||